000
00345cam a2200145ua 4500
041
_a
eng
_h
082
_a
828.09
_b
BRE/GE
100
_a
Brett, R L .
245
_a
George crabbe /
_c
R L Brett.
_h
Textual Documents
260
_a
London :
_b
Longaman Green and Co ,
_c
1956.
300
_a
44 ; .
504
_a
942
_c
BK
999
_c
2613
_d
2613